[Event "C.to Italiano U16 femminile"]
[Site "Porretta Terme ITA"]
[Date "2011.07.03"]
[Round "1"]
[White "Burattini, Chiara"]
[Black "Balzano, Filli"]
[Result "0-1"]
[WhiteElo "1476"]
[BlackElo "1822"]
[PlyCount "44"]
[EventDate "2011.07.03"]

1. e4 c6 2. d4 d5 3. Nc3 dxe4 4. Nxe4 Nf6 5. f3 Bf5 6. Nxf6+ gxf6 7. Bc4 e6 8.
Ne2 Nd7 9. Be3 Nb6 10. Bd3 Bg6 11. c3 Nd5 12. Bf2 Bh6 13. Qc2 Bxd3 14. Qxd3 f5
15. g3 Qg5 16. f4 Qg6 17. O-O-O Nf6 18. Be3 Ne4 19. Rhf1 Bf8 20. Kc2 Be7 21.
Bd2 h5 22. Qf3 Qg4 0-1

[Event "C.to Italiano U16 femminile"]
[Site "Porretta Terme ITA"]
[Date "2011.07.03"]
[Round "1"]
[White "Movileanu, Daniela"]
[Black "Manuali, Alessia"]
[Result "1-0"]
[WhiteElo "1931"]
[BlackElo "1512"]
[PlyCount "53"]
[EventDate "2011.07.03"]

1. e4 e5 2. Nf3 Nc6 3. Bb5 f6 4. O-O Bc5 5. c3 Bb6 6. d4 a6 7. Bxc6 bxc6 8.
dxe5 fxe5 9. Bg5 Nf6 10. Nxe5 Bb7 11. Ng4 d6 12. e5 dxe5 13. Qxd8+ Rxd8 14.
Nxf6+ gxf6 15. Bxf6 Kf7 16. Bxh8 Rxh8 17. Nd2 Rg8 18. Nc4 Ke6 19. Rae1 Kd7 20.
Nxb6+ cxb6 21. Rxe5 c5 22. f3 Kc8 23. Kf2 Kb8 24. Rd1 Ka7 25. Rd7 Rb8 26. Ree7
a5 27. f4 1-0

[Event "C.to Italiano U16 femminile"]
[Site "Porretta Terme ITA"]
[Date "2011.07.03"]
[Round "1"]
[White "Nicolini, Giorgia"]
[Black "Chiarion, Elisa"]
[Result "0-1"]
[WhiteElo "1533"]
[BlackElo "1964"]
[PlyCount "104"]
[EventDate "2011.07.03"]

1. d4 d5 2. Bf4 c6 3. Nf3 Bf5 4. Nbd2 e6 5. c3 Bd6 6. Bg3 Nf6 7. e3 h6 8. Be2
O-O 9. Ne5 c5 10. O-O c4 11. f4 b5 12. a3 Nbd7 13. Bf2 Ne4 14. Nxe4 Bxe4 15. g3
f6 16. Nxd7 Qxd7 17. h3 Rad8 18. Kh2 e5 19. Rg1 a5 20. Bf3 Kh8 21. Bxe4 dxe4
22. Qh5 Qe6 23. Qe2 Kh7 24. Raf1 b4 25. axb4 axb4 26. Ra1 bxc3 27. bxc3 exd4
28. exd4 Ra8 29. Be3 Rfb8 30. Qc2 f5 31. Rgb1 Qd5 32. Qe2 Rb3 33. Qc2 Rab8 34.
h4 Qb5 35. Rxb3 cxb3 36. Qd2 Qc4 37. Kh3 b2 38. Rb1 Ba3 39. Qc2 Rc8 40. Bd2
Qxd4 41. Qb3 Qxd2 42. Qxa3 Rb8 43. Qc5 Qc2 44. Qxf5+ Kh8 45. Qe5 Rg8 46. Re1
b1=Q 47. Rxb1 Qxb1 48. f5 Qf1+ 49. Kg4 Qf3+ 50. Kh3 e3 51. f6 gxf6 52. Qe6
Qxg3# 0-1

[Event "C.to Italiano U16 femminile"]
[Site "Porretta Terme ITA"]
[Date "2011.07.03"]
[Round "2"]
[White "Balzano, Filli"]
[Black "D'Eredita', Elena"]
[Result "1-0"]
[WhiteElo "1822"]
[BlackElo "1608"]
[PlyCount "95"]
[EventDate "2011.07.03"]

1. e4 c6 2. d4 d5 3. Nc3 dxe4 4. Nxe4 Bf5 5. Ng3 Bg6 6. Bc4 Nd7 7. N1e2 e6 8.
O-O Bd6 9. f4 Ne7 10. Bd3 Bxd3 11. Qxd3 Nf6 12. f5 exf5 13. Nxf5 Nxf5 14. Rxf5
Qe7 15. Bg5 O-O-O 16. Raf1 c5 17. Qc4 Qe6 18. Qxe6+ fxe6 19. Rxf6 gxf6 20. Bxf6
Rhe8 21. Bxd8 Kxd8 22. Kh1 Kd7 23. g3 Kc6 24. Kg2 Kd5 25. dxc5 Kxc5 26. Rf7 Re7
27. Rxe7 Bxe7 28. Kf3 e5 29. Ke4 Kd6 30. Ng1 h6 31. Nf3 Bf6 32. g4 b5 33. h4 a5
34. g5 hxg5 35. hxg5 Bg7 36. Nh4 Ke6 37. Nf5 Bh8 38. g6 a4 39. g7 Bxg7 40.
Nxg7+ Kd6 41. Nf5+ Kc5 42. Kxe5 Kb4 43. c3+ Kc4 44. Ne3+ Kc5 45. Nc2 Kc4 46.
Ke4 Kc5 47. Kd3 Kd5 48. b3 1-0

[Event "C.to Italiano U16 femminile"]
[Site "Porretta Terme ITA"]
[Date "2011.07.03"]
[Round "2"]
[White "Chiarion, Elisa"]
[Black "Russo, Arianna"]
[Result "1/2-1/2"]
[WhiteElo "1964"]
[BlackElo "1652"]
[PlyCount "34"]
[EventDate "2011.07.03"]

1. e4 c5 2. Nf3 d6 3. d4 cxd4 4. Nxd4 Nf6 5. Nc3 g6 6. Be3 Bg7 7. f3 O-O 8. Qd2
Nc6 9. Bc4 Bd7 10. O-O-O Rc8 11. Bb3 Ne5 12. h4 h5 13. g4 hxg4 14. h5 Nxh5 15.
Bh6 Qa5 16. Bxg7 Kxg7 17. Rxh5 Nd3+ 1/2-1/2

[Event "C.to Italiano U16 femminile"]
[Site "Porretta Terme ITA"]
[Date "2011.07.03"]
[Round "2"]
[White "Revello, Beatrice"]
[Black "Movileanu, Daniela"]
[Result "0-1"]
[WhiteElo "1668"]
[BlackElo "1931"]
[PlyCount "72"]
[EventDate "2011.07.03"]

1. d4 g6 2. Nf3 Bg7 3. e3 d6 4. Bd3 Nd7 5. Nbd2 e5 6. c3 Ne7 7. O-O O-O 8. Re1
h6 9. Nf1 f5 10. e4 f4 11. h4 Kh7 12. g3 Nc6 13. d5 Ne7 14. c4 a5 15. b3 Nc5
16. Bb2 Ng8 17. Bc2 g5 18. hxg5 hxg5 19. N3h2 Nh6 20. g4 f3 21. Ne3 Rf4 22. Bc1
Rf8 23. Nf5 Bxf5 24. exf5 e4 25. Rb1 Be5 26. Bxe4 Bxh2+ 27. Kxh2 Nxg4+ 28. Kg3
Nxe4+ 29. Rxe4 Ne5 30. Bb2 Rxf5 31. Bxe5 dxe5 32. Qh1+ Kg6 33. Rbe1 Qf6 34.
R1e3 Rh8 35. Qb1 Kg7 36. Re1 Qh6 0-1

[Event "C.to Italiano U16 femminile"]
[Site "Porretta Terme ITA"]
[Date "2011.07.05"]
[Round "3"]
[White "De Somma, Annarita"]
[Black "Balzano, Filli"]
[Result "1-0"]
[WhiteElo "1773"]
[BlackElo "1822"]
[PlyCount "69"]
[EventDate "2011.07.03"]

1. e4 c6 2. d4 d5 3. exd5 cxd5 4. Bd3 Nf6 5. Nf3 e6 6. Bf4 Nc6 7. c3 Bd6 8.
Bxd6 Qxd6 9. Nbd2 O-O 10. O-O Bd7 11. Qe1 a6 12. Ne5 Ne7 13. f4 b5 14. h3 b4
15. g4 bxc3 16. bxc3 Rfc8 17. Rc1 Bb5 18. Be2 Qa3 19. g5 Ne8 20. c4 Qe3+ 21.
Kh2 dxc4 22. Bh5 Qxd4 23. Bxf7+ Kf8 24. Qf2 Qd6 25. Rfd1 Nd5 26. Qh4 Ra7 27.
Qxh7 Nxf4 28. Ndxc4 Qc5 29. Rf1 Rxf7 30. Rxf4 Rxf4 31. Ng6+ Kf7 32. Nce5+ Qxe5
33. Nxe5+ Ke7 34. Rxc8 Rf2+ 35. Kg3 1-0

[Event "C.to Italiano U16 femminile"]
[Site "Porretta Terme ITA"]
[Date "2011.07.05"]
[Round "3"]
[White "Movileanu, Daniela"]
[Black "Anselmi, Beatrice"]
[Result "1-0"]
[WhiteElo "1931"]
[BlackElo "1749"]
[PlyCount "97"]
[EventDate "2011.07.03"]

1. e4 e5 2. Nf3 Nc6 3. Bb5 a6 4. Ba4 Nf6 5. O-O b5 6. Bb3 Bc5 7. d3 d6 8. c3
O-O 9. Bg5 Re8 10. Nbd2 Bb7 11. Re1 Nb8 12. Nf1 Nbd7 13. Ne3 h6 14. Bh4 Qc8 15.
Nd2 c6 16. Nf5 d5 17. Qf3 Be7 18. Nxe7+ Rxe7 19. exd5 cxd5 20. Qf5 Qc6 21. Bxf6
Qxf6 22. Qxf6 Nxf6 23. a4 Rae8 24. axb5 axb5 25. Ra5 Bc6 26. Rea1 d4 27. Ra6
Bd7 28. Bc2 dxc3 29. bxc3 Rc8 30. c4 bxc4 31. dxc4 Be6 32. Bb3 Rec7 33. R6a5
Rd8 34. Ra8 Rcc8 35. Rxc8 Rxc8 36. Kf1 Kf8 37. Ra7 Nd7 38. Ke2 Ke7 39. Kd3 Kd6
40. Ne4+ Kc6 41. Ra5 f6 42. Kc3 Kb6 43. Rb5+ Ka6 44. Kb4 Rb8 45. Rxb8 Nxb8 46.
Nc5+ Kb6 47. Nxe6 Nc6+ 48. Kc3 Ne7 49. Nxg7 1-0

[Event "C.to Italiano U16 femminile"]
[Site "Porretta Terme ITA"]
[Date "2011.07.05"]
[Round "3"]
[White "Penzo, Martina"]
[Black "Ravazzolo, Gaia"]
[Result "1/2-1/2"]
[WhiteElo "1679"]
[BlackElo "1720"]
[PlyCount "49"]
[EventDate "2011.07.03"]

1. f4 d5 2. Nf3 Nf6 3. e3 g6 4. Be2 Bg7 5. d3 c6 6. O-O O-O 7. h3 Nbd7 8. Nc3
Nc5 9. Qe1 Qc7 10. Qh4 Ncd7 11. Ng5 e5 12. fxe5 Qxe5 13. e4 d4 14. Nb1 h6 15.
Nf3 g5 16. Nxe5 gxh4 17. Nxd7 Nxd7 18. Nd2 Ne5 19. Nf3 Ng6 20. Bd2 Be6 21. Rf2
Kh7 22. Raf1 Rg8 23. Nh2 Ne5 24. Nf3 Ng6 25. Nh2 1/2-1/2

[Event "C.to Italiano U16 femminile"]
[Site "Porretta Terme ITA"]
[Date "2011.07.05"]
[Round "4"]
[White "Balzano, Filli"]
[Black "Russo, Arianna"]
[Result "1-0"]
[WhiteElo "1822"]
[BlackElo "1652"]
[PlyCount "113"]
[EventDate "2011.07.03"]

1. e4 c5 2. c3 d6 3. d4 cxd4 4. cxd4 Nf6 5. Nc3 g6 6. Nf3 Bg7 7. Bc4 O-O 8. O-O
a6 9. e5 dxe5 10. dxe5 Qxd1 11. Rxd1 Ng4 12. Bf4 Nc6 13. Re1 Bd7 14. h3 Nh6 15.
Ng5 Na5 16. Bd5 Bc6 17. Bxc6 Nxc6 18. e6 fxe6 19. Nxe6 Rf7 20. Rad1 Nf5 21. Re4
Bf6 22. Rd7 Nd6 23. Bxd6 exd6 24. Rxd6 Re7 25. Nc5 Rxe4 26. N5xe4 Bxc3 27. Nxc3
Re8 28. Kf1 Ne5 29. b3 Rc8 30. Ne4 Rc1+ 31. Ke2 Rc2+ 32. Rd2 Rc7 33. Ng5 Re7
34. Kd1 h6 35. Ne4 Kg7 36. Nc5 g5 37. Rd6 Nc6 38. Rd7 Rxd7+ 39. Nxd7 Kf7 40.
Nc5 Nd8 41. Ke2 Kf6 42. Kd3 Ke5 43. Nd7+ Ke6 44. Nc5+ Ke5 45. g3 Kd5 46. Ne4
Ke5 47. f3 Ne6 48. Kc4 Nd4 49. Nc5 Nxf3 50. Nxb7 Ng1 51. Nc5 Nxh3 52. Nxa6 Nf2
53. Nc5 Ne4 54. Nxe4 Kxe4 55. a4 h5 56. a5 h4 57. a6 1-0

[Event "C.to Italiano U16 femminile"]
[Site "Porretta Terme ITA"]
[Date "2011.07.05"]
[Round "4"]
[White "Chiarion, Elisa"]
[Black "Penzo, Martina"]
[Result "1-0"]
[WhiteElo "1964"]
[BlackElo "1679"]
[PlyCount "51"]
[EventDate "2011.07.03"]

1. e4 c5 2. Nf3 d6 3. d4 cxd4 4. Nxd4 Nf6 5. Nc3 g6 6. Be3 Bg7 7. f3 a6 8. Qd2
O-O 9. h4 Nc6 10. O-O-O Bd7 11. Bc4 b5 12. Bb3 Na5 13. h5 Nxb3+ 14. axb3 Rc8
15. hxg6 fxg6 16. Bh6 Qa5 17. Kb1 e6 18. Bxg7 Kxg7 19. Qh6+ Kf7 20. g4 Qc7 21.
g5 Nh5 22. Qxh7+ Ng7 23. Rh6 Rg8 24. Qxg6+ Kf8 25. Qf6+ Ke8 26. Rh7 1-0

[Event "C.to Italiano U16 femminile"]
[Site "Porretta Terme ITA"]
[Date "2011.07.05"]
[Round "4"]
[White "De Somma, Annarita"]
[Black "Movileanu, Daniela"]
[Result "0-1"]
[WhiteElo "1773"]
[BlackElo "1931"]
[PlyCount "106"]
[EventDate "2011.07.03"]

1. d4 d5 2. c4 e6 3. Nf3 Nf6 4. Bg5 Nbd7 5. Nc3 c6 6. e3 Be7 7. Rc1 O-O 8. cxd5
exd5 9. Bd3 Re8 10. O-O h6 11. Bh4 Ne4 12. Bxe7 Qxe7 13. Qc2 f5 14. a3 Qd6 15.
b4 a6 16. Rb1 Ndf6 17. a4 Nxc3 18. Qxc3 Ne4 19. Bxe4 dxe4 20. Ne5 Be6 21. b5
axb5 22. axb5 Ba2 23. Rb2 c5 24. Rxa2 Rxa2 25. Qc4+ Qe6 26. d5 Qxe5 27. Qxa2
Rd8 28. Rd1 Kh7 29. b6 Rd6 30. Qc4 Rxb6 31. Qxc5 Qd6 32. Qxd6 Rxd6 33. Kf1 Kg6
34. Ke2 Kf6 35. Rb1 b6 36. Rb5 Ke5 37. f3 g5 38. fxe4 Kxe4 39. g3 g4 40. Rb4+
Kxd5 41. Rd4+ Kc5 42. Rf4 Rd5 43. e4 fxe4 44. Rxe4 h5 45. h4 gxh3 46. Rh4 b5
47. Rxh3 b4 48. Rh1 Kc4 49. Rb1 Kc3 50. Rd1 Rxd1 51. Kxd1 Kb2 52. Kd2 b3 53.
Kd1 Ka2 0-1

[Event "C.to Italiano U16 femminile"]
[Site "Porretta Terme ITA"]
[Date "2011.07.06"]
[Round "5"]
[White "Movileanu, Daniela"]
[Black "Chiarion, Elisa"]
[Result "1-0"]
[WhiteElo "1931"]
[BlackElo "1964"]
[PlyCount "31"]
[EventDate "2011.07.03"]

1. e4 c5 2. Nc3 a6 3. Nge2 b5 4. g3 Bb7 5. Bg2 Nf6 6. d3 e6 7. O-O d5 8. exd5
Nxd5 9. Ne4 Qb6 10. Nf4 Be7 11. Nh5 O-O 12. c4 Nc7 13. Qg4 Ne8 14. Nxg7 Kh8 15.
Nxe8 Rxe8 16. Ng5 1-0

[Event "C.to Italiano U16 femminile"]
[Site "Porretta Terme ITA"]
[Date "2011.07.06"]
[Round "5"]
[White "Pistis, Sofia"]
[Black "De Somma, Annarita"]
[Result "1/2-1/2"]
[WhiteElo "1407"]
[BlackElo "1773"]
[PlyCount "124"]
[EventDate "2011.07.03"]

1. e4 g6 2. d4 Bg7 3. Nf3 d6 4. Be3 Nf6 5. Nc3 Nbd7 6. Bd3 O-O 7. Qd2 c5 8. Bh6
cxd4 9. Nxd4 a6 10. O-O Ne5 11. Qg5 Neg4 12. Bxg7 Kxg7 13. Nf5+ Bxf5 14. exf5
Ne5 15. Be2 Qd7 16. f4 Nc6 17. fxg6 hxg6 18. f5 Nd4 19. Bd3 Rh8 20. fxg6 Rh5
21. Qg3 Nf5 22. Bxf5 Rxf5 23. gxf7+ Kxf7 24. Qd3 Rh5 25. Nd5 Rah8 26. Nxf6 exf6
27. Qb3+ d5 28. h3 Rg8 29. Rf3 Rhg5 30. g4 b5 31. Raf1 R8g6 32. Qd3 Qd6 33.
R1f2 Kg7 34. Rf5 Qe6 35. Rxg5 Rxg5 36. Qf3 Kg6 37. Kf1 Qe5 38. Qd3+ Kg7 39. Re2
Qf4+ 40. Kg2 Qd6 41. Re3 d4 42. Rg3 Re5 43. Rf3 Qd5 44. Kf2 Qd6 45. c3 Rd5 46.
Rf5 Qh2+ 47. Ke1 Qh1+ 48. Rf1 dxc3 49. Rxh1 Rxd3 50. bxc3 Rxc3 51. Kd2 Rg3 52.
Kc2 Kg6 53. Kb2 Kg5 54. a3 Rf3 55. h4+ Kh6 56. g5+ fxg5 57. hxg5+ Kxg5 58. Rc1
Rf6 59. Rc5+ Kf4 60. Kc3 Ke4 61. Kb4 Rd6 62. Ka5 Rd4 1/2-1/2

[Event "C.to Italiano U16 femminile"]
[Site "Porretta Terme ITA"]
[Date "2011.07.06"]
[Round "5"]
[White "Ravazzolo, Gaia"]
[Black "Balzano, Filli"]
[Result "1-0"]
[WhiteElo "1720"]
[BlackElo "1822"]
[PlyCount "83"]
[EventDate "2011.07.03"]

1. d4 d5 2. Nf3 Nf6 3. c4 c6 4. Nc3 dxc4 5. a4 Bf5 6. e3 e6 7. Bxc4 Bb4 8. O-O
Nbd7 9. Qe2 O-O 10. e4 Bg6 11. Bd3 Bh5 12. Bf4 Re8 13. e5 Nd5 14. Nxd5 cxd5 15.
Rac1 a6 16. b3 Nb8 17. Qc2 Bxf3 18. gxf3 Nc6 19. Rfd1 h6 20. Kh1 Kh8 21. Be3
Qh4 22. f4 Rac8 23. Qe2 Na5 24. Qb2 Qe7 25. f5 Ba3 26. Qe2 Bxc1 27. Bxc1 Nxb3
28. Be3 Na5 29. Qh5 Qf8 30. Rg1 Rc6 31. f6 g6 32. Bxg6 Rc7 33. Bh7 Kxh7 34.
Rg7+ Qxg7 35. fxg7 Kxg7 36. Qxh6+ Kg8 37. Bg5 f5 38. Bf6 Rec8 39. Qh8+ Kf7 40.
Qg7+ Ke8 41. Qg8+ Kd7 42. Qf7+ 1-0

[Event "C.to Italiano U16 femminile"]
[Site "Porretta Terme ITA"]
[Date "2011.07.07"]
[Round "6"]
[White "Chiarion, Elisa"]
[Black "Matuozzo, Daniela"]
[Result "1-0"]
[WhiteElo "1964"]
[BlackElo "1558"]
[PlyCount "51"]
[EventDate "2011.07.03"]

1. e4 d6 2. d4 Nf6 3. Nc3 g6 4. f4 Bg7 5. Nf3 O-O 6. Bc4 c5 7. O-O cxd4 8. Nxd4
Qb6 9. Kh1 Nxe4 10. Nxe4 Qxd4 11. Qxd4 Bxd4 12. c3 Bg7 13. Be3 Nc6 14. Rad1 Rd8
15. a3 Bg4 16. Rd2 Na5 17. Ba2 b6 18. Ng5 Rf8 19. f5 gxf5 20. Nxf7 Bh5 21.
Nxd6+ Kh8 22. Nxf5 Be5 23. Kg1 Bg6 24. Nxe7 Bxh2+ 25. Kxh2 Rxf1 26. Bd4+ 1-0

[Event "C.to Italiano U16 femminile"]
[Site "Porretta Terme ITA"]
[Date "2011.07.07"]
[Round "6"]
[White "Movileanu, Daniela"]
[Black "Ravazzolo, Gaia"]
[Result "1-0"]
[WhiteElo "1931"]
[BlackElo "1720"]
[PlyCount "109"]
[EventDate "2011.07.03"]

1. e4 c6 2. d4 d5 3. exd5 cxd5 4. Bd3 Nf6 5. Nf3 Nc6 6. c3 Bg4 7. Bf4 e6 8.
Nbd2 Be7 9. O-O O-O 10. Qb1 Bxf3 11. Nxf3 h6 12. Ne5 Nxe5 13. dxe5 Nd7 14. Qd1
Bg5 15. Bg3 Bh4 16. Bxh4 Qxh4 17. f4 Rac8 18. Rf3 Qd8 19. Rb1 Qa5 20. Rg3 f5
21. exf6 Nxf6 22. Qe2 Qb6+ 23. Kh1 Rce8 24. Re1 d4 25. cxd4 Qxd4 26. Bb5 Re7
27. f5 e5 28. Qc4+ Qxc4 29. Bxc4+ Kh7 30. Rge3 Ng4 31. Rg3 Nf6 32. Be6 e4 33.
Rc3 Rd8 34. Rc2 Rd3 35. h3 Nh5 36. Kh2 Nf6 37. Kg1 Rd6 38. Re3 Rd8 39. g4 Rd4
40. Rg2 Rd1+ 41. Kh2 Rd4 42. h4 Nd5 43. Bxd5 Rxd5 44. Rge2 Rd4 45. Kg3 Kg8 46.
Kf4 Rb4 47. b3 Kf7 48. Rxe4 Rbxe4+ 49. Rxe4 Kf6 50. Rxe7 Kxe7 51. Ke5 b6 52. g5
hxg5 53. hxg5 a5 54. f6+ Kf7 55. a4 1-0

[Event "C.to Italiano U16 femminile"]
[Site "Porretta Terme ITA"]
[Date "2011.07.07"]
[Round "6"]
[White "Russo, Arianna"]
[Black "De Somma, Annarita"]
[Result "0-1"]
[WhiteElo "1652"]
[BlackElo "1773"]
[PlyCount "88"]
[EventDate "2011.07.03"]

1. d4 Nf6 2. c4 g6 3. Nc3 Bg7 4. e4 d6 5. f3 Nbd7 6. Be3 O-O 7. Bd3 c5 8. d5
Rb8 9. Nge2 a6 10. O-O Qa5 11. a4 Ne5 12. Qc2 Qc7 13. Rfd1 Rd8 14. Rab1 Nfd7
15. b3 Nxd3 16. Qxd3 Ne5 17. Qd2 Bd7 18. Nf4 b5 19. axb5 axb5 20. Nd3 Qa5 21.
Nxe5 Bxe5 22. Rdc1 bxc4 23. bxc4 Bxc3 24. Qc2 Bg7 25. Bd2 Qa4 26. Qd3 h6 27.
Bc3 Bxc3 28. Qxc3 Qa7 29. Ra1 Qc7 30. Rf1 e6 31. f4 exd5 32. cxd5 Rf8 33. f5
Rbe8 34. Rf3 Qb6 35. Kh1 Qb4 36. Qc1 Qxe4 37. f6 Kh7 38. Qd2 Ra8 39. Re1 Qb4
40. Qc1 Rfe8 41. Ref1 Ra2 42. Rg3 Qd2 43. Qxd2 Rxd2 44. Rgf3 Rxd5 0-1

[Event "C.to Italiano U16 femminile"]
[Site "Porretta Terme ITA"]
[Date "2011.07.07"]
[Round "7"]
[White "Balzano, Filli"]
[Black "Movileanu, Daniela"]
[Result "1/2-1/2"]
[WhiteElo "1822"]
[BlackElo "1931"]
[PlyCount "124"]
[EventDate "2011.07.03"]

1. e4 c5 2. c3 g6 3. d4 cxd4 4. cxd4 d5 5. e5 Nc6 6. Nc3 Nh6 7. h3 Nf5 8. Nf3
e6 9. Bg5 Be7 10. Bxe7 Qxe7 11. a3 h5 12. Bb5 a6 13. Bxc6+ bxc6 14. Na4 Rb8 15.
b4 O-O 16. Nc5 Rb5 17. g4 Ng7 18. Qd2 Kh7 19. Ng5+ Kg8 20. Nf3 Kh7 21. Rc1 f6
22. Rg1 Rh8 23. g5 f5 24. Nh4 Qc7 25. Nb3 Bd7 26. Ng2 Ne8 27. h4 Rb8 28. Nf4
Qb6 29. Nc5 Bc8 30. Nfxe6 Bxe6 31. Nxe6 Nc7 32. Nxc7 Qxc7 33. Rc5 Qd7 34. f4
Rb6 35. Ke2 Ra8 36. Rgc1 Kg7 37. Qc3 Rc8 38. Qc2 Kf7 39. Qa4 Ke6 40. Ra5 Qb7
41. Qc2 Qd7 42. Kf2 Rcb8 43. Qd3 Qb7 44. Qc3 Qd7 45. Rc5 Rc8 46. a4 Qb7 47. a5
Rxb4 48. Rxc6+ Rxc6 49. Qxc6+ Qxc6 50. Rxc6+ Kf7 51. Rxa6 Rxd4 52. Ke3 Re4+ 53.
Kf3 d4 54. Rd6 Re3+ 55. Kf2 Ra3 56. Rxd4 Rxa5 57. Rd2 Ra4 58. Ke3 Re4+ 59. Kf3
Ra4 60. Rd7+ Kf8 61. Rd6 Kf7 62. Rd3 Rb4 1/2-1/2

[Event "C.to Italiano U16 femminile"]
[Site "Porretta Terme ITA"]
[Date "2011.07.07"]
[Round "7"]
[White "Ravazzolo, Gaia"]
[Black "Anselmi, Beatrice"]
[Result "1/2-1/2"]
[WhiteElo "1720"]
[BlackElo "1749"]
[PlyCount "36"]
[EventDate "2011.07.03"]

1. d4 d5 2. Nf3 Nf6 3. c4 e6 4. Nc3 Be7 5. cxd5 exd5 6. Qc2 g6 7. e4 dxe4 8.
Nxe4 Bf5 9. Nxf6+ Bxf6 10. Bd3 Bxd3 11. Qxd3 Qe7+ 12. Be3 Qb4+ 13. Bd2 Qe7+ 14.
Be3 Nc6 15. O-O O-O-O 16. Qc4 h5 17. Rac1 g5 18. d5 Ne5 1/2-1/2

[Event "C.to Italiano U16 femminile"]
[Site "Porretta Terme ITA"]
[Date "2011.07.08"]
[Round "8"]
[White "Chiarion, Elisa"]
[Black "Anselmi, Beatrice"]
[Result "1-0"]
[WhiteElo "1964"]
[BlackElo "1749"]
[PlyCount "61"]
[EventDate "2011.07.03"]

1. e4 e5 2. Nf3 Nc6 3. Bc4 Bc5 4. c3 Nf6 5. d4 exd4 6. cxd4 Bb4+ 7. Nc3 Nxe4 8.
d5 Nxc3 9. bxc3 Bxc3+ 10. Bd2 Bxa1 11. Qxa1 Ne7 12. d6 f6 13. dxe7 Qxe7+ 14.
Be3 Qe4 15. Qc3 d5 16. Bd3 Qe7 17. O-O Bg4 18. Nd2 Qd7 19. Bc5 Kf7 20. Qb3 b6
21. Ba3 Rae8 22. Ne4 Be6 23. Bb5 dxe4 24. Bxd7 Bxb3 25. Bxe8+ Rxe8 26. axb3 Rd8
27. Rc1 Ke6 28. Kf1 c5 29. b4 Rd3 30. bxc5 Rxa3 31. c6 1-0

[Event "C.to Italiano U16 femminile"]
[Site "Porretta Terme ITA"]
[Date "2011.07.08"]
[Round "8"]
[White "Pistis, Sofia"]
[Black "Balzano, Filli"]
[Result "0-1"]
[WhiteElo "1407"]
[BlackElo "1822"]
[PlyCount "50"]
[EventDate "2011.07.03"]

1. e4 c6 2. d4 d5 3. Nc3 dxe4 4. Nxe4 Nf6 5. Nxf6+ gxf6 6. Nf3 Bf5 7. Bd3 Bxd3
8. Qxd3 e6 9. Bd2 Nd7 10. O-O-O Qc7 11. Rhe1 O-O-O 12. Be3 Bd6 13. h3 c5 14.
dxc5 Nxc5 15. Qc3 f5 16. Ng5 b6 17. b4 Na6 18. Qxc7+ Bxc7 19. b5 Nb4 20. a3
Rxd1+ 21. Rxd1 Nd5 22. Nxf7 Rg8 23. Ng5 Nxe3 24. fxe3 Rxg5 25. Rd2 f4 0-1

[Event "C.to Italiano U16 femminile"]
[Site "Porretta Terme ITA"]
[Date "2011.07.08"]
[Round "8"]
[White "Russo, Arianna"]
[Black "Movileanu, Daniela"]
[Result "1/2-1/2"]
[WhiteElo "1652"]
[BlackElo "1931"]
[PlyCount "76"]
[EventDate "2011.07.03"]

1. d4 g6 2. c4 Bg7 3. Nc3 d6 4. e4 Nd7 5. f3 e5 6. d5 Ne7 7. Be3 f5 8. exf5
Nxf5 9. Bf2 Nf6 10. Bd3 O-O 11. Nge2 Bh6 12. Bxf5 Bxf5 13. O-O Qe7 14. Ng3 Bd7
15. Nce4 Nxe4 16. Nxe4 Bf5 17. Qe2 Bxe4 18. fxe4 Rf4 19. Bg3 Rxf1+ 20. Rxf1 Rf8
21. Rxf8+ Qxf8 22. Qf2 a6 23. Qxf8+ Kxf8 24. Kf2 Bc1 25. b3 g5 26. Kf3 h5 27.
h3 Ke7 28. Bf2 Kf6 29. g4 h4 30. Be3 Bb2 31. Ke2 c5 32. Kd3 Bd4 33. Kd2 b5 34.
a4 bxa4 35. bxa4 Bb2 36. Kc2 Ba3 37. Bd2 Bb4 38. Kd3 Bxd2 1/2-1/2